Дела пенсионного разряда Департамента народного просвещения за 1899-1900 годы

RUSMARC
00003074nmc2a22002053x 450
0012fbb465a-3949-4499-b92c-148864174eb0
00520251120162844.0
100##$a20250113l18991900k l0rusy0189 ca
1010#$arus
102##$aRU
2001#$aДела пенсионного разряда Департамента народного просвещения за 1899-1900 годы
$j1899-1900 гг.
215##$a983 ед.хр.
251##$cОпись
330##$aАннотация: Пенсионный разряд (большинство дел содержит послужные списки)
371##$aДокумент не является опубликованным и широко распространяемым
461#0$1001a74412a3-3cc5-4d21-8f0a-dfe2fbd9e72d
$12001
$aДепартамент народного просвещения Министерства народного просвещения (1803-1917)
$1251
$cФонд
$1852
$j733
801#0$aRU
$bРГИА
$c20250113
$gRCR
801#1$aRU
$bГлавНИВЦ
$c20250113
$2rusmarc
801#2$aRU
$bПБ им. Б.Н. Ельцина
$c20251120
$gRCR
$2rusmarc
850##$aРГИА
852##$aРГИА
$eФедеральное казенное учреждение "Российский государственный исторический архив" (РГИА)
$j137
937##$hРГИА
$d12424168
$aASBIBLIO_SCAN
035##$aRusGRCC00087470
856##$uhttp://readingroom.main.prlib.ru/item.aspx?id_node=n199131422&mode=full
Фонд Департамент народного просвещения Министерства народного просвещения
Формат отображения